000 00954nam a22003137a 4500
003 CHAP
005 20220329143601.0
008 100721s1978 us r 00010 eng d
010 _a98848
011 _a99820
020 _a0917256077
035 _a110506
040 _cCHAP
082 0 4 _a581.634096
_bAy22
100 0 0 _aAyensu, Edward S.
_98999
245 1 0 _aMedicinal plants of West Africa
_c/by Edward S. Ayensu
260 _aAlgonac, Mich. :
_bReference Publications ,
_c1978
300 _a330 p. :
_bilus.
590 _aBATCH-UPD
_b10
_c20130110
_lUCH01
_h1137
590 _aBATCH-UPD
_b10
_c20130410
_lUCH01
_h0724
590 _aBATCH-UPD
_b10
_c20130914
_lUCH01
_h0501
590 _aCONVERSION
_b10
_c20130109
_lUCH01
_h1355
650 1 4 _aBotánica médica.
_914680
650 1 4 _aMateria médica.
_972929
901 _aBK
911 _aen proceso
942 _cLIBRO
949 _a581.634 Ay22
_bBC
_cLIBRO
_d33724002169446
_eLIBRO
_h112951
_i110506
_sb
999 _c98848
_d98848